| 000 | 00608cam a2200217 4500 | ||
|---|---|---|---|
| 008 | 090401t1992 xxu||||| |||| 00| 0 eng d | ||
| 020 | _a0922154066 | ||
| 035 | _a(Sirsi) u36715 | ||
| 041 | _aeng | ||
| 050 | _a333.3320973 | ||
| 100 | _aRushmore, Stephen | ||
| 245 | _aHotels and motels: a guide to market analysis, investment analysis and valuations. | ||
| 260 |
_aChicago, Illinois _bAppraisal Institute _c1992 |
||
| 300 | _axiv,257p. ; 26cm. | ||
| 350 | _a33.95 | ||
| 650 | _aUNITED STATES | ||
| 650 |
_aValuation _96273 |
||
| 690 | _aRATING AND VALUATION | ||
| 942 | _n0 | ||
| 948 | _c04/03/1997 | ||
| 999 |
_c90368 _d90368 |
||